| 000 | 02068nam0a2200385 4500 | ||
|---|---|---|---|
| 001 | RU\NLR\bibl\1951785 | ||
| 005 | 20260409080025.0 | ||
| 010 |
_a978-5-8356-1269-7 _955 |
||
| 021 |
_aRU _b2012-68439 _95022 |
||
| 035 | _a(NLR Aleph) 001940918 | ||
| 035 | _a(nilc)RSL-KNO-005493736 | ||
| 090 |
_a3564251 _c3564251 |
||
| 100 | _a20120913d2012 u y0rusy50 ca | ||
| 101 | 0 | _arus | |
| 102 | _aRU | ||
| 105 | _aa zzzz||||| | ||
| 200 | 1 |
_aСовременные информационные технологии в управлении качеством _eМеждународная научно-прикладная конференция, июнь 2012 г. _eсборник статей _g[под ред. д.т.н., проф. Рыжакова В. В., Лисицыной Л. С.] |
|
| 210 |
_aПенза _cПриволжский дом знаний _d2012 |
||
| 215 |
_a106, [1] с. _cил., табл. _d21 |
||
| 300 | _aВ надзаг.: О-во "Знание" России, Приволжский дом знаний, С.-Петерб. нац. исслед. ун-т информ. технологий, механики и оптики, Пенз. гос. технол. акад. | ||
| 320 | _aБиблиогр. в конце докл. | ||
| 606 | 1 |
_aКачество продукции _jСъезды, совещания и т.п _xУправление _xИнформационные технологии _92504276 _3RU\NLR\AUTH\6601700390 |
|
| 606 |
_aОбразование _xИнформационные технологии _jСъезды, совещания и т.п. _3RU\NLR\auth\661575610 _92103593 |
||
| 686 | 1 | _aУ9(2)-823.2-210.302я431 | |
| 686 | 1 | _aЧ312.31я431 | |
| 702 | 1 |
_aРыжаков _bВ. В. _gВиктор Васильевич _4340 |
|
| 712 | 0 | 2 |
_4570 _aПриволжский дом знаний _cПенза _3RU\NLR\AUTH\8812001 _9296693 |
| 801 | 0 |
_aRU _bRuMoRKP _c20120913 _grcr |
|
| 801 | 1 |
_aRU _bРГБ _c20120913 |
|
| 801 | 2 |
_aRU _bNLR _c20121005 _grcr |
|
| 942 | _cBOOK | ||
| 980 | _aNBR | ||
| 980 | _aNB | ||